Szondi-Album Drégeli emlék-lapok

Bibliographic Details
Other Authors: Csáky, Károly, 1950- (Editor), Hála, József (Editor)
Format: Book
Language:Hungarian
PhysicalDescription:72 strán ilustrácie, noty 30 cm
Published: Ipolyság Pongrácz Lajos Társaság 2016
ISBN:9788097251604
Series:Honti Kiskönyvtár
Subjects:

MARC

LEADER 00000nam a2200000 4500
001 vtls011609046
003 SK-MaSNL
005 20260301093429.0
008 200316s2016 xo ga gr 000 0dhun
015 |a SNBA2018/11 
020 |a 9788097251604  |q (brožované) 
035 |a urn:nbn:sk:snk-am00dioq 
035 |a urn:nbn:sk:snk-am3i3kc 
035 |a 269A0A09-CE4C-44AF-A214-47737BA0C531 
040 |a SNK  |b slo  |c SNK  |e rda 
041 0 |a hun 
043 |a e-hu--- 
044 |a xo  |c SK 
072 7 |a 94(430/439)  |x Dejiny krajín strednej Európy  |2 konspekt 
072 7 |a 929  |x Biografie  |2 konspekt 
080 |a 327.2  |2 2011 
080 |a (=512.161)  |2 2011 
080 |a 94(439)  |2 2011 
080 |a 929  |2 2011 
080 |a (094.9)  |2 2011 
245 0 0 |a Szondi-Album  |b Drégeli emlék-lapok  |c [sorozatszerkesztők: Csáky Károly, Hála József] 
246 3 |a Drégeli emlék-lapok 
264 1 |a Ipolyság  |b Pongrácz Lajos Társaság  |c 2016 
300 |a 72 strán  |b ilustrácie, noty  |c 30 cm 
336 |a text  |b txt  |2 rdacontent 
337 |a bez média  |b n  |2 rdamedia 
338 |a zväzok  |b nc  |2 rdacarrier 
490 1 |a Honti Kiskönyvtár  |v I. 
500 |a Táto publikácia je revidovaná verzia prvého vydania diela v roku 1885 
500 |a Tiráž aj v slovenčine 
500 |a Obsahuje faksimile pôvodného vydania 
500 |a Biografické údaje 
504 |a Poznámky ; zoznamy 
600 1 7 |a Šucha, Juraj,  |d okolo 1500-1552  |2 SNKMA  |9 186029 
610 2 7 |a Drégely (Drégelypalánk, Maďarsko : hrad)  |2 SNKKA  |9 425798 
648 7 |a 16. storočie  |2 SNKPH  |9 286292 
648 7 |a 16th century  |2 SNKPHeng  |9 297960 
648 7 |a 16.-19. storočie  |2 SNKPH  |9 295712 
648 7 |a 16th-19th centuries  |2 SNKPHeng  |9 334721 
650 0 7 |a expanzionizmus  |2 SNKPH  |9 4710 
650 0 7 |a Expansionism  |2 SNKPHeng  |9 315923 
650 0 7 |a Celebrities  |2 SNKPHeng  |9 265203 
650 0 7 |a Turci  |z Uhorsko  |2 SNKPH  |9 425799 
650 0 7 |a Turks  |z Hungary  |2 SNKPHeng  |9 425800 
650 0 7 |a vojaci  |z Uhorsko  |2 SNKPH  |9 425801 
650 0 7 |a osobnosti  |2 SNKPH  |9 29820 
650 0 7 |a War heroes  |z Hungary  |2 SNKPHeng  |9 425802 
651 7 |a Uhorsko  |x dejiny  |2 SNKPHgeo  |9 56334 
651 7 |a Hungary  |x history  |2 SNKPHeng  |9 314626 
655 7 |a zbierky  |2 SNKPH  |9 70533 
655 7 |a Collections of documents  |2 SNKPHeng  |9 265173 
700 1 |a Csáky, Károly,  |d 1950-  |4 edt  |9 99675 
700 1 |a Hála, József  |4 edt  |9 44080 
752 |a Slovensko  |d Šahy 
830 0 |a Honti Kiskönyvtár  |9 425803 
919 |a 978-80-972516-0-4 
958 |a HU 
958 |a BX 
999 |c 677002  |d 678932 
952 |a SNK  |b SNK  |y PREZ  |7 0  |p 17A1252620  |o snkSB 91196  |i snk2017/3233  |8 0  |0 0  |1 0  |4 0  |d 2017-02-06  |f 1  |l 0  |r 2025-05-14 00:00:00  |w 2026-02-23 
952 |a SNK  |b SNK  |y VYP  |7 0  |p 17A1252621  |o snkSB 91196 D1  |i snk2017/3234  |8 0  |0 0  |1 0  |4 0  |d 2017-02-06  |l 0  |r 2026-02-23 19:45:21  |w 2026-02-23